000 00637nmm a22001817a 4500
003 OSt
005 20240517124040.0
006 eBook
008 240517b |||||||| |||| 00| 0 eng d
040 _cMRSPTU
100 _aC. Britton Rorabaugh
245 _aSimulating Wireless Communication Systems: Practical Models In C++
250 _a1st
260 _aNew Delhi
_bPearson
_c2001
600 _2Computer Science
856 _3Click here to access the e-book
_uhttps://ebookcentral.proquest.com/lib/gzsptuc/detail.action?docID=5125746&query=Simulating+Wireless+Communication+Systems%3A+Practical+Models+In+C%2B%2B
942 _2ddc
_cEB
_n1
999 _c10324
_d10324